LEADER 04185nam 22005895 450 001 9910869173303321 005 20240916234855.0 010 $a9783031639999 024 7 $a10.1007/978-3-031-63999-9 035 $a(CKB)32609760800041 035 $a(MiAaPQ)EBC31508261 035 $a(Au-PeEL)EBL31508261 035 $a(DE-He213)978-3-031-63999-9 035 $a(EXLCZ)9932609760800041 100 $a20240628d2024 u| 0 101 0 $aeng 135 $aur||||||||||| 181 $ctxt$2rdacontent 182 $cc$2rdamedia 183 $acr$2rdacarrier 200 10$aEmerging Technologies for Developing Countries $e6th EAI International Conference, AFRICATEK 2023, Arusha, Tanzania, December 11?13, 2023, Proceedings /$fedited by Muthoni Masinde, Sabine Möbs, Antoine Bagula 205 $a1st ed. 2024. 210 1$aCham :$cSpringer Nature Switzerland :$cImprint: Springer,$d2024. 215 $a1 online resource (210 pages) 225 1 $aLecture Notes of the Institute for Computer Sciences, Social Informatics and Telecommunications Engineering,$x1867-822X ;$v520 311 08$a9783031639982 320 $aIncludes bibliographical references and index. 327 $a1 Smart Infrastructure and Urban Management -- Review of Smart Parking Occupancy Prediction Models in Nairobi City: Strengths, Weaknesses, and Research Gaps -- An Internet of Things and Smart Cities Frameworks Implementation in Municipalities: A Systematic Literature Review -- Accessibility Features for Augmented Reality Indoor Navigation Systems -- 2 Data Security and Digital Technologies -- Adopting Blockchain for Enhancing Data Security and Privacy in Service-based Digital Platforms: A Case Study of a Distributed Application (Dapp) Global Mission Services -- 3 Economic Growth and Social Development -- Designing a Big Data Analytic Tool for Predicting Girl Child Learner Drop Out in the Eastern Cape Province of South Africa -- 4 Health and Well-being -- A Machine Learning Approach to Mental Disorder Prediction: Handling the Missing Data Challenge -- Towards a Smart Healthcare System for Non-Communicable Disease (NCDs) Management: A Bibliometric Analysis -- A Systematic Review on the use of AI-Powered Cloud Computing for Healthcare Resilience -- 5 Sustainability and Environmental Management -- Predicting Malaria Outbreak using Indigenous Knowledge and Fuzzy Cognitive Maps: A Case Study of Vhembe District in South Africa -- Integration of IK, Satellite Imagery Data, Weather Data and Time Series Models in Season Behavior Predictions. Case of Swayimane, KZN, South Africa -- State-of-the-art Review on Recent Trends in Automatic Speech Recognition. 330 $aThis book constitutes the refereed conference proceedings of the 6th EAI International Conference on Emerging Technologies for Developing Countries, AFRICATEK 2023, held in Arusha, Tanzania, during December 11?13, 2023. The 11 full papers in this book were carefully reviewed and selected from 39 submissions. They were organized in topical sections as follows: smart infrastructure and urban management; data security and digital technologies; economic growth and social development; health and well-being; and sustainability and environmental management. 410 0$aLecture Notes of the Institute for Computer Sciences, Social Informatics and Telecommunications Engineering,$x1867-822X ;$v520 606 $aComputer networks 606 $aArtificial intelligence 606 $aMicroprogramming 606 $aComputer Communication Networks 606 $aArtificial Intelligence 606 $aControl Structures and Microprogramming 615 0$aComputer networks. 615 0$aArtificial intelligence. 615 0$aMicroprogramming. 615 14$aComputer Communication Networks. 615 24$aArtificial Intelligence. 615 24$aControl Structures and Microprogramming. 676 $a004 702 $aMasinde$b Muthoni 702 $aMo?bs$b Sabine 702 $aBagula$b Antoine 801 0$bMiAaPQ 801 1$bMiAaPQ 801 2$bMiAaPQ 912 $a9910869173303321 996 $aEmerging Technologies for Developing Countries$94171730 997 $aUNINA LEADER 01716nas 2200565 a 450 001 9910333117703321 005 20240413020510.0 035 $a(OCoLC)17768522 035 $a(CKB)954926988125 035 $a(CONSER) 88654983 035 $a(DE-599)ZDB3158279-5 035 $a(EXLCZ)99954926988125 100 $a19880411b19881995 uy a 101 0 $aeng 181 $ctxt$2rdacontent 182 $cc$2rdamedia 183 $acr$2rdacarrier 200 00$aAdolescent and pediatric gynecology 210 $aNew York, N.Y. $cSpringer$dc1988-c1995 215 $a1 online resource (8 v.) $cill 300 $aTitle from cover. 311 08$a0932-8610 531 $aADOLESC PEDIATR GYNECOL 531 $aADOLESCENT PEDIAT G 531 $aADOLESCENT & PEDIATRIC GYNECOLOGY 531 0 $aAdolesc. pediatr. gynecol. 606 $aPediatric gynecology$vPeriodicals 606 $aGenital Diseases, Female 606 $aAdolescent 606 $aChild 606 $aInfant 606 $aGynecology$2gtt$3(NL-LeOCL)097485284 606 $aChildren$2gtt$3(NL-LeOCL)078559618 606 $aAdolescence$2gtt$3(NL-LeOCL)078425972 608 $aPeriodical. 615 0$aPediatric gynecology 615 2$aGenital Diseases, Female. 615 22$aAdolescent. 615 22$aChild. 615 22$aInfant. 615 17$aGynecology. 615 17$aChildren. 615 17$aAdolescence. 676 $a618.92/098 712 02$aNorth American Society for Pediatric and Adolescent Gynecology. 712 02$aInternational Federation of Infantile and Juvenile Gynecology. 906 $aJOURNAL 912 $a9910333117703321 996 $aAdolescent and pediatric gynecology$91412005 997 $aUNINA